Information Outlook

Detalles Bibliográficos
Formato: eBook
Lenguaje:inglés
Publicado: Virginia (Estados Unidos) Special Libraries Association 1997-2014
Materias:
Acceso en línea:Acceso restringido

MARC

LEADER 00000nam a22000007a 4500
005 20151109133913.0
007 cr|||| ||
008 151109s19972014-us ||pos|||| 0||||1eng d
022 |a 1091-0808  
035 |a 2863 
040 |a vLex 
090 |c 5690  |d 5690 
245 1 0 |a Information Outlook  |h [Recurso electrn̤ico] /  |c Special Libraries Association  
256 |a Servicio en ln̕ea  
260 |a Virginia (Estados Unidos)   |b Special Libraries Association   |c 1997-2014 
300 |a 1 recurso electrn̤ico  
310 |a Irregular 
506 1 |a Contenido solo disponible en los productos indicados  |d vLex Global  |d vLex Global (Academic Edition, excluding Law Schools)  |d vLex Global (U.S. Academic Edition, Law Schools)  |d vLex Global (U.S. Academic Edition, excluding Law Schools)  |d vLex Global (Academic Edition, Law Schools) 
650 0 4 |a Informacin̤   |z Estados Unidos  
740 0 |a vLex revista (servicio en ln̕ea)  
856 4 0 |u http://vlex.com/source/information-outlook-2863  |z Acceso restringido 
942 |c REV 
999 0 |a Information